Il dogma della dissolubilità : poesie futuristiche e no /

Uloženo v:
Podrobná bibliografie
Hlavní autor: Scardino, Lucio
Médium: Kniha
Jazyk:italština
Vydáno: Ferrara : Liberty house, [2010]
Tagy: Přidat tag
Žádné tagy, Buďte první, kdo vytvoří štítek k tomuto záznamu!

MARC

LEADER 00000nam a22000007i 4500
001 IT\ICCU\UFE\0951328
003 ItRI
005 20250827183457.0
008 100208s2010 it |||||| ||||| |||||c
040 |b ita  |c ct 
041 7 |a ita  |2 ISO-639-2 
100 1 |a Scardino, Lucio  |0 IT\ICCU\CFIV\013453 
245 1 3 |a Il dogma della dissolubilità :  |b poesie futuristiche e no /  |c Lucio Scardino. 
260 |a Ferrara :  |b Liberty house,  |c [2010] 
300 |a 180 p. :  |b ill. ;  |c 17 cm. 
942 |2 ddc  |c BK 
952 |0 0  |1 0  |2 ddc  |4 0  |6 B_LPS01SCALUDOG11  |7 0  |9 9155  |a MI  |b MI  |d 2012-06-04  |i 6450  |l 0  |o B-LPS01-SCALU-DOG11  |p CDOM6450  |r 2025-07-17 21:50:00  |w 2025-07-17  |x DONO  |y BK 
981 1 |6 z01  |a i   |b xxxe  
982 1 |6 z01  |a n 
999 |c 7628  |d 7628